Jóvenes: III evaluación del conocimiento. La Investigación sobre juventud en México 1986-1999 /
Wedi'i Gadw mewn:
| Prif Awdur: | |
|---|---|
| Awduron Corfforaethol: | , |
| Fformat: | Texto |
| Cyhoeddwyd: |
México, D.F.:
IMJ
|
| Pynciau: | |
| Tagiau: |
Ychwanegu Tag
Dim Tagiau, Byddwch y cyntaf i dagio'r cofnod hwn!
|
MARC
| LEADER | 00000 a a2200000 04500 | ||
|---|---|---|---|
| 001 | 26749 | ||
| 003 | |||
| 040 | |||
| 020 | |a 968-5224-03-X | ||
| 090 | |a 149604 | ||
| 100 | |a Pérez Islas, José Antonio | ||
| 110 | |a Instituto Mexicano de la Juventud | ||
| 245 | |a Jóvenes: III evaluación del conocimiento. La Investigación sobre juventud en México 1986-1999 / |c Instituto Mexicano de la Juventud | ||
| 260 | |a México, D.F.: |b IMJ | ||
| 300 | |a 634 p. en II tomos |b il. | ||
| 650 | |a JUVENTUD | ||
| 650 | |a EMPLEO | ||
| 650 | |a EDUCACION | ||
| 650 | |a GLOBALIZACION | ||
| 650 | |a MOVIMIENTO DE LA MANO DE OBRA | ||
| 710 | |a Centro de Investigación y Estudios sobre Juventud | ||
| 999 | |c 14052 |d 14052 | ||



